A review of short-term effects of child sexual abuse / [et al.] (Record no. 76332)

MARC details
000 -CABECERA
campo de control de longitud fija 00695nam a2200241 a 4500
005 - FECHA Y HORA DE LA ÚLTIMA TRANSACCIÓN
campo de control 20210219153419.0
008 - ELEMENTOS DE LONGITUD FIJA--INFORMACIÓN GENERAL
campo de control de longitud fija 991125n 000 0 u
035 ## - NÚMERO DE CONTROL DEL SISTEMA
Número de control de sistema UPN01000097853
100 ## - ASIENTO PRINCIPAL--NOMBRE PERSONAL
Nombre de persona Beitchman, Joseph H.
222 ## - TÍTULO CLAVE
Título clave CHILD ABUSE AND NEGLECT :
Información calificativa THE INTERNATIONAL JOURNAL
245 ## - MENCIÓN DE TÍTULO
Título A review of short-term effects of child sexual abuse / [et al.]
300 ## - DESCRIPCIÓN FÍSICA
Extensión 537-556
362 ## - FECHAS DE PUBLICACIÓN Y/O DESIGNACIÓN SECUENCIAL
Fecha de publicación y/o designación secuencial 15, No. 4, 1991
505 ## - NOTA DE CONTENIDO CON FORMATO PREESTABLECIDO
Nota de contenido con formato Mayo 1992
653 0# - TERMINO DE INDIZACION - NO CONTROLADO
Término no controlado ABUSO SEXUAL
653 0# - TERMINO DE INDIZACION - NO CONTROLADO
Término no controlado CARACTERISTICAS PSICOLOGICAS
653 0# - TERMINO DE INDIZACION - NO CONTROLADO
Término no controlado NINO MALTRATADO
653 0# - TERMINO DE INDIZACION - NO CONTROLADO
Término no controlado VICTIMAS DEL CRIMEN
700 ## - ASIENTO SECUNDARIO--NOMBRE DE PERSONAL
Nombre de persona Zucker, Kenneth J.
700 ## - ASIENTO SECUNDARIO--NOMBRE DE PERSONAL
Nombre de persona Hood, Jane E.
904 ## - ELEMENTOS DE DATOS D LOCAL, LDD (RLIN)
a AC
b 035664
905 ## - TIPO DE MATERIAL
Tipo de material Articulo

No items available.